000 00434nam a2200181Ia 4500
008 230524s9999 xx 000 0 und d
020 _a9789332518414
082 _a410.285
_bJUR
100 _aDaniel Jurafsky
245 0 _aSpeech and language processing
250 _a1
260 _aNoida
_bPearson
_c2018
300 _a940p;
500 _aQuantity Number: 10
650 _aComp.Sc
700 _aJames H.Martin
942 _cBK
999 _c60201
_d60201